| 000 | 00938nam a2200265 a 4500 | ||
|---|---|---|---|
| 001 | 25068 | ||
| 003 | CO-ViMGA | ||
| 005 | 20230915232040.0 | ||
| 008 | 141112s2004 ck r 000 u spa d | ||
| 020 | _a8484701840 | ||
| 040 |
_aCO-ViMGA _bspa _cCO-ViMGA |
||
| 041 | _aspa fre | ||
| 043 | _ae - fr - - - | ||
| 090 | _aNAUc | ||
| 100 | 1 |
_aNaumann - Villemin, Christine. _938176 |
|
| 245 | 1 | 0 |
_aEl chupete de Gina / _cChristine Naumann - Villemin ; ilustraciones de Marianne Barcilon ; traducción Rafael Ros. |
| 260 |
_aBarcelona : _bCorimbo, _c2004. |
||
| 300 | _a[22] p. : il. ; 22 x 27 cm. | ||
| 521 | _aA partir de 5 años. | ||
| 650 | 1 | 4 |
_aCuentos infantiles franceses. _97840 |
| 700 | 1 |
_aBarcilon, Marianne, il. _938177 |
|
| 942 |
_2ddc _cBK |
||
| 999 |
_c32704 _d32704 |
||